Education and women's work : female schooling and the division of labor in urban America, 1870-1930 /

Bibliographic Details
Main Author: Rury, John L., 1951-
Format: Book
Language:English
Published: Albany : State University of New York Press, [1991]
Series:SUNY series on women and work.
Subjects:

MARC

Tag First Indicator Second Indicator Subfields
LEADER 00000cam a2200000 a 4500
001 in00001027321
005 20150928121504.0
008 900524s1991 nyu b s001 0 eng
010 |a  90038325  
020 |a 0791406172 (alk. paper) 
020 |a 0791406180 (alk. paper : pbk.) 
035 |a (OCoLC)21873723 
035 |9 AFG0221AM 
040 |a DLC  |c DLC  |d TXA  |d UtOrBLW 
043 |a n-us--- 
049 |a TXAM 
050 0 0 |a LC1755  |b .R87 1991 
082 0 0 |a 376/.63/0973  |2 20 
100 1 |a Rury, John L.,  |d 1951- 
245 1 0 |a Education and women's work :  |b female schooling and the division of labor in urban America, 1870-1930 /  |c John L. Rury. 
264 1 |a Albany :  |b State University of New York Press,  |c [1991] 
264 4 |c ©1991 
300 |a xix, 277 pages ;  |c 24 cm. 
336 |a text  |b txt  |2 rdacontent 
337 |a unmediated  |b n  |2 rdamedia 
338 |a volume  |b nc  |2 rdacarrier 
490 1 |a SUNY series on women and work 
504 |a Includes bibliographical references and index. 
650 0 |a Women  |x Education (Secondary)  |z United States  |x History. 
650 0 |a Women  |x Employment  |z United States  |x History. 
651 0 |a United States  |x Social conditions  |y 1865-1918. 
651 0 |a United States  |x Social conditions  |y 1918-1932. 
830 0 |a SUNY series on women and work. 
999 |a MARS 
999 f f |s 4c3fd5f9-9b6e-393c-a1ec-6eac0189f2c9  |i 27d774ad-b9f6-3779-9637-50ebf02edb26  |t 0 
952 f f |p normal  |a Texas A&M University  |b College Station  |c Sterling C. Evans Library  |d Evans: Library Stacks  |t 0  |e LC1755 .R87 1991  |h Library of Congress classification  |i unmediated -- volume  |m A14815256744 
998 f f |a LC1755 .R87 1991  |t 0  |l Evans: Library Stacks